| 000 -LEADER |
| fixed length control field |
00364nam a22001337a 4500 |
| 008 - FIXED-LENGTH DATA ELEMENTS--GENERAL INFORMATION |
| fixed length control field |
260211b ||||| |||| 00| 0 eng d |
| 020 ## - INTERNATIONAL STANDARD BOOK NUMBER |
| International Standard Book Number |
9788858341209 |
| 041 ## - LANGUAGE CODE |
| Language code of text/sound track or separate title |
ital |
| 080 ## - UNIVERSAL DECIMAL CLASSIFICATION NUMBER |
| Universal Decimal Classification number |
3.2 |
| 100 ## - Rafti |
| Rafti |
20 |
| 101 ## - Shkurtesa |
| Shkurtesa |
ital |
| 245 ## - TITLE STATEMENT |
| Title |
IL CELI 2 Dell universita per stranieri di Perugia |
| Statement of responsibility, etc |
Luisa Aglini, Daniela Alessandroni , Roberta Rondoni |
| 942 ## - ADDED ENTRY ELEMENTS (KOHA) |
| Source of classification or shelving scheme |
|
| Item type |
Books |